| 000 | 00778nam a22002537a 4500 | ||
|---|---|---|---|
| 999 |
_c3230 _d3230 |
||
| 003 | AR-CdUCM | ||
| 008 | 190306b ||||| |||| 00| 0 eng d | ||
| 020 | _a84-8280-187-2 | ||
| 040 |
_aMUNICIPALIDAD PROVINCIAL DEL CUSCO _cBIBLIOTECA MUNICIPAL DEL CUSCO |
||
| 041 | _hita | ||
| 082 |
_a848.5 / _bB33 |
||
| 100 |
_aBeaumarchais, Pierre Augustin Caron de _910808 |
||
| 245 | _aEl barbero de Sevilla / | ||
| 260 |
_aBogota : _bOveja Negra, _c1984. |
||
| 300 |
_a136 páginas ; _c18 cm. |
||
| 440 |
_aHistoria Universal de la Literatura _n87 _910809 |
||
| 500 | _aTitulo original: Le barbier de Seville | ||
| 650 |
_aTeatro _9443 |
||
| 650 |
_aItalia _92273 |
||
| 650 |
_aComedia _92607 |
||
| 700 |
_aCardona, A. (traductor) _910810 |
||
| 942 |
_2ddc _cLIBROS |
||
| 945 | _araen | ||